000 00717nam a2200241Ia 4500
005 20260121111837.0
008 1281 260114s9999 xx 000 0 eng d
020 _a9789812773111
037 _aEBOOK
040 _aCRL
_beng
_cCRL
041 _aeng
_2eng
084 _qCRL
100 _aKrysl Petr
_9948185
245 0 _aPragmatic Introduction to the Finite Element Method for Thermal and Stress Analysis, a: with the Matlab Toolkit Sofea
260 _bWorld Scientific
260 _bWSPC
260 _c2006
650 _aEngineering / Acoustics
_9948186
856 _uhttps://www.worldscientific.com/worldscibooks/10.1142/6169#t=toc
942 _cEBOOK
999 _c1538581
_d1538581